Top 10 landen die de meeste wijn produceren - Sudden Death - Statistieken

Algemene statistieken
  • Deze quiz is 21 keer genomen
  • De gemiddelde score is 4 van 10
Answers on the Grid
Answers color-coded by a green-red scale on the quiz's grid according to % correct below.
Griekenland
Oostenrijk
Luxemburg
Italië
Frankrijk
Andorra
Nederland
Zwitserland
Hongarije
Spanje
China
Verenigde Staten
Australië
Argentinië
Roemenië
Bulgarije
Zuid-Afrika
Chili
India
Colombia
Costa Rica
Portugal
Thailand
Nieuw Zeeland
Japan
 
Antwoordstatistieken
Antwoord % Correct
Frankrijk
100%
Italië
75%
Spanje
67%
Zuid-Afrika
42%
Portugal
33%
Verenigde Staten
33%
Argentinië
25%
Chili
17%
Australië
8%
China
8%
Geen overeenkomende quizzen gevonden
Scoreverdeling
Procent van Mensen met Elke Score
Percentiel versus Aantal Correcte Antwoorden
Uw Scoregeschiedenis
U heeft deze quiz nog niet genomen